Inland Capitals of America - Statistics

General Stats
  • This quiz has been taken 42 times
  • The average score is 14 of 17
Answer Stats
Hint Answer % Correct
Maple leaf Ottawa
98%
Niemeyer's design Brasilia
95%
Highest capital(*) La Paz
95%
Aztec capital Mexico City
95%
Equator line Quito
90%
White House Washington D.C.
90%
Guaraní river Asunción
88%
Andes valley Santiago
88%
Mayan heart Guatemala City
85%
Constitutional heart(*) Sucre
85%
Gold museum Bogotá
80%
Avila mountain Caracas
80%
Pura vida San José
70%
The Savior San Salvador
65%
Silver hill Tegucigalpa
63%
Newest capital Belmopan
58%
Lake Xolotlán Managua
55%
No matching quizzes found
Score Distribution
Percent of People with Each Score
Percentile by Number Answered
Your Score History
You have not taken this quiz